|
|
|
|
| LEADER |
00000cac a2200000 i 4500 |
| 003 |
Ucuenca |
| 005 |
20231123153746.0 |
| 006 |
a|||||r|||| 001 0 |
| 007 |
ta |
| 008 |
170918b2010 sp aaaa| |||| 001 0 spa a |
| 020 |
|
|
|a 978-84-937830-4-4
|
| 040 |
|
|
|b spa
|a UCuenca-cdrjbv
|c UCuenca
|e rda
|
| 041 |
1 |
|
|a spa
|
| 082 |
0 |
|
|2 22
|a 792.023 3
|c 255113
|
| 100 |
|
|
|a Barba, Eugenio
|e autor
|9 192584
|
| 245 |
1 |
|
|a Quemar la casa:
|b orígenes de un director /
|c Eugenio Barba, traducido por Ana Woolf.
|
| 250 |
|
|
|a Primera edición.
|
| 264 |
|
1 |
|a Bilbao:
|b Editorial Artezblai,
|c 2010.
|
| 264 |
|
4 |
|c ®2010
|
| 300 |
|
|
|a 335 páginas:
|c 21 cm
|
| 336 |
|
|
|2 rdacontent
|a texto
|b txt
|
| 337 |
|
|
|2 rdamedia
|a no mediado
|b n
|
| 338 |
|
|
|2 rdacarrier
|a volumen
|b nc
|
| 490 |
|
|
|a Colección Biblioteca Teatro Laboratorio
|n no. 1
|
| 505 |
1 |
|
|a El ritual vacío -- Primer intermezzo -- La dramaturgia orgánica como nivel de organización -- Segundo intermezzo -- La dramaturgia narrativa como nivel de organización -- Tercer intermezzo -- La dramaturgia evocativa como nivel de organización -- Cuarto intermezzo -- Teatro en libertad.
|
| 520 |
3 |
|
|a
|
| 650 |
1 |
7 |
|2 UCuenca-cdrjbv
|9 108746
|a Dramaturgia
|
| 650 |
1 |
7 |
|2 UCuenca-cdrjbv
|9 209881
|a Dramaturgia narrativa
|
| 650 |
1 |
7 |
|2 UCuenca-cdrjbv
|9 442
|a Teatro
|
| 700 |
1 |
|
|a Woolf, Ana.
|9 310945
|e traductor
|
| 942 |
|
|
|c CR
|z diana.leon@ucuenca.edu.ec
|2 ddc
|e 22
|r jessicap.torres@ucuenca.edu.ec
|
| 999 |
|
|
|c 152278
|d 152278
|